|
|
|
|
| LEADER |
00881cam a2200313 i 4500 |
| 001 |
000045704 |
| 003 |
4899 |
| 005 |
20030228164703.0 |
| 008 |
010220|1999 vm 000 eng |
| 020 |
|
|
|a 0471166650
|
| 040 |
|
|
|a IRC
|c IRC
|d IRC
|
| 041 |
0 |
|
|a eng
|
| 082 |
1 |
4 |
|a 660.603
|b En-B
|
| 245 |
0 |
0 |
|a Encyclopedia of bioprocess technology :
|b fermentation, biocatalysis, and bioseparation.
|n V.4 :
|p [Mi-Pu]
|
| 260 |
|
|
|a New York ; Chichester :
|b John Wiley and Sons,
|c 1999.
|
| 300 |
|
|
|a 5v. (xvii, 2756p.) :
|b ill.
|
| 630 |
0 |
4 |
|a Encyclopedias.
|
| 630 |
0 |
4 |
|a Biochemical engineering.
|
| 650 |
0 |
4 |
|a Biochemical engineering
|v Encyclopedias.
|
| OWN |
|
|
|a DUT
|
| 999 |
|
|
|a From the UDN01
|
| TYP |
|
|
|a Monograph
|
| TYP |
|
|
|a Printed language
|
| 980 |
|
|
|a Mạng thư viện Đại học Đà Nẵng
|